Geologic map of the Tharsis quadrangle of Mars /

Bibliographic Details
Main Author: Carr, M. H. (Michael H.)
Corporate Authors: Geological Survey (U.S.), Jet Propulsion Laboratory (U.S.)
Format: Government Document Map
Language:English
Published: Reston, Va. : The Survey, 1975.
Series:Miscellaneous investigations series (Geological Survey (U.S.)) ; map I-893.
Subjects:

MARC

Tag First Indicator Second Indicator Subfields
LEADER 00000cem a2200000Ia 4500
001 in00002449913
005 20151111041621.0
007 aj canzn
008 770404s1975 vauab bd a f 0 eng d
034 1 |a a  |b 5000000  |d W1350000  |e W0900000  |f N0300000  |g N0000000 
035 |a (OCoLC)ocm02858323 
035 |a (OCoLC)2858323 
040 |a VWM  |c VWM  |d UUM  |d NMT  |d OCL  |d COP  |d OCLCQ  |d OCLCG  |d STF  |d TXA  |d UtOrBLW 
043 |a zma---- 
049 |a TXAM 
050 1 4 |a G3192.M3 C5 S5000  |b G46 no.MC-9 
052 |a 3192  |b M3 
074 |a 0619-G-08 
086 0 |a I 19.91:I-893 
100 1 |a Carr, M. H.  |q (Michael H.) 
245 1 0 |a Geologic map of the Tharsis quadrangle of Mars /  |c by M.H. Carr ; Department of the Interior, United States Geological Survey ; prepared in cooperation with the Jet Propulsion Laboratory, California Institute of Technology, for the National Aeronautics and Space Administration. 
246 3 0 |a Tharsis quadrangle of Mars 
255 |a Scale 1:5,000,000 at 0⁰ latitude ;  |b Mercator proj.  |c (W 135⁰--W 90⁰/N 30⁰--N 0⁰). 
264 1 |a Reston, Va. :  |b The Survey,  |c 1975. 
300 |a 1 map :  |b color ;  |c 37 x 54 cm., folded in envelope 30 x 24 cm. 
336 |a cartographic image  |b cri  |2 rdacontent 
337 |a unmediated  |b n  |2 rdamedia 
338 |a sheet  |b nb  |2 rdacarrier 
490 1 |a Miscellaneous investigations series ;  |v map I-893 
490 1 |a Atlas of Mars. 1:5,000,000 geologic series ;  |v MC-9 
500 |a "Contour interval 1 and 5 kilometres.ʹ." 
500 |a Includes text, 3 ancillary maps, and table. 
500 |a Ancillary maps: Quadrangle location -- Contours -- Index to Mariner 9 pictures. 
500 |a Cartographic material. 
651 0 |a Mars (Planet)  |v Maps. 
710 2 |a Geological Survey (U.S.) 
710 2 |a Jet Propulsion Laboratory (U.S.) 
830 0 |a Miscellaneous investigations series (Geological Survey (U.S.)) ;  |v map I-893. 
810 2 |a Geological Survey (U.S.).  |t Atlas of Mars.  |p 1:5,000,000 geologic series ;  |v MC-9. 
994 |a C0  |b TXA 
948 |a cataloged  |b h  |c 2009/07/07  |e mansari  |f 10:13:36 am 
999 |a MARS 
999 f f |s 4a23321c-c73a-3197-abd1-0e299547ec20  |i 92c7b819-2727-3ee9-a57a-4d078d732823  |t 0 
952 f f |p normal  |a Texas A&M University  |b College Station  |c Sterling C. Evans Library  |d Evans: Maps File (2nd floor)  |t 0  |e I 19.91:I-893  |h Superintendent of Documents classification  |i unmediated -- sheet  |m A14837623894 
998 f f |a I 19.91:I-893  |t 0  |l Evans: Maps File (2nd floor)